Les 10 plus grandes villes de Roumanie - Statistiques

Statistiques générales
  • Ce quiz a été pris 37 fois
  • Le résultat moyen est 4 sur 10
Statistiques - réponses
Nombre d’habitants Réponse % Correct
1 700 000 Bucarest
100%
286 000 Cluj-Napoca
70%
263 000 Constanța
47%
250 000 Timișoara
47%
238 000 Brașov
40%
271 000 Iași
40%
234 000 Craiova
30%
217 000 Galați
23%
180 000 Ploiești
23%
183 000 Oradea
10%
Aucun quiz correspondant
Distribution des résultats
% des personnes avec chaque résultat
Percentile par nombre de réponses
Votre historique - résultats
Vous n’avez pas pris ce quiz